LDR 00674naa#a2200157#i#450# 001 RU\\bibl\126694 005 20260701063603.3 011 ## _a2542-1840 100 ## _a20260630b2026####ek#y0rusy0150####ca 102 ## _aRU 200 1# _aОсобенности понимания билингвами сложных логико-грамматических конструкций _eЖурнальная статья 210 1# _aКемерово _cКемеровский государственный университет _d2026 215 ## _a9 с. 608 ## _aЖурнальная статья _2local 700 #1 _aЛицкевич _gЕвгений Юрьевич 856 4# _avestnik-pses.kemsu.ru _u